[Event "San Fermin Masters Final"]
[Site "chess24.com INT"]
[Date "2021.07.10"]
[Round "1.8"]
[White "Abdusattorov, Nodirbek"]
[Black "Aronian, Levon"]
[Result "1-0"]
[WhiteElo "2634"]
[BlackElo "2782"]
[PlyCount "69"]
[EventDate "2021.07.10"]
[EventType "k.o."]
[EventRounds "3"]
[EventCountry "ESP"]
[SourceTitle "CBM 203 Extra"]
[Source "ChessBase"]
[SourceDate "2021.09.30"]
[SourceVersion "1"]
[SourceVersionDate "2021.09.30"]
[SourceQuality "1"]

1. d4 Nf6 2. c4 e6 3. Nc3 Bb4 4. Qc2 c5 5. dxc5 O-O 6. Nf3 Na6 7. g3 Nxc5 8. Bg2 Nce4 9. O-O Nxc3 10. bxc3 Be7 11. e4 d6 12. e5 dxe5 13. Nxe5 Qc7 14. Re1 Bd6 15. Qe2 Nd7 16. Bf4 Bxe5 17. Bxe5 Qxe5 18. Qxe5 Nxe5 19. Rxe5 Rb8 ({RR} 19... Rd8 20. Rb1 Rd7 21. Ra5 Kf8 22. Be4 Rc7 23. c5 h6 24. h4 Ke7 25. Kg2 Kf6 26. Bf3 Ke7 27. Rb4 g6 28. Rb3 Kf6 29. Rba3 Kg7 30. Rb3 Kf6 31. Rb4 Ke7 32. g4 Kf6 33. g5+ hxg5 34. hxg5+ {Radjabov,T (2793)-Leko,P (2732) Beijing 2012 1-0 (40)}) 20. Rb1 ({RR} 20. Ra5 Bd7 21. Rxa7 Bc6 22. Bxc6 bxc6 23. Ra6 Rfd8 24. Rxc6 g6 25. c5 Rb5 26. a4 Ra5 27. Rb6 Rxc5 28. a5 Rxc3 29. a6 Ra8 30. a7 Rcc8 31. Rb7 Kg7 32. Rd1 h5 33. Rdd7 Rf8 34. h4 Kf6 {Nakamura,H (2741)-Aronian,L (2772) Kolkata 2019 1-0 (46)}) 20... b6 21. c5 f6 22. Re3 $146 ({RR} 22. Re2 e5 23. cxb6 axb6 24. Bd5+ Kh8 25. c4 Bf5 26. Rb4 Rfd8 27. Reb2 Rd6 28. a4 Bd7 29. h4 h5 30. a5 b5 31. Bf3 Ra6 32. Ra2 g6 33. Be2 Rba8 34. cxb5 Rxa5 35. Rxa5 Rxa5 36. b6 Ra1+ {Indjic,A (2605)-Lazavik,D (2483) Chess.com INT 2022 1-0 (41)}) 22... e5 23. c6 Be6 24. f4 Rbd8 25. fxe5 f5 26. c4 f4 27. gxf4 Rxf4 28. Bd5 Bxd5 29. cxd5 Rxd5 30. e6 Rf8 31. e7 Re8 32. Rc1 Rc5 33. Rxc5 bxc5 34. c7 Kf7 35. Rf3+ 1-0

[Event "CCT Final Survival Winner"]
[Site "Toronto CAN"]
[Date "2023.12.12"]
[Round "1.2"]
[White "Abdusattorov, Nodirbek"]
[Black "Caruana, F.."]
[Result "1-0"]
[WhiteElo "2727"]
[BlackElo "2794"]
[PlyCount "101"]
[EventDate "2023.12.12"]
[EventType "k.o."]

1. d4 Nf6 2. c4 e6 3. Nc3 Bb4 4. e3 c5 5. Bd3 d5 6. cxd5 Nxd5 7. Nge2 cxd4 8. exd4 O-O 9. O-O Re8 10. Bc2 Nc6 11. Qd3 g6 12. Rd1 Bf8 ({RR} 12... b6 13. Qf3 Bb7 14. Be4 Nce7 15. Bg5 Qd7 16. Bf6 Nf5 17. Nf4 Bxc3 18. bxc3 Rac8 19. Nxd5 Bxd5 20. Rd3 Qc6 21. Re1 Bxe4 22. Rxe4 Nd6 23. Qh3 h5 24. Re1 Ne4 25. Be5 Nxc3 26. g4 Nd5 27. gxh5 {Parker,J (2519)-Van Wely,L (2663) London 2014 0-1 (35)}) 13. Qg3 ({RR} 13. a3 Bg7 14. Ne4 Nce7 15. Bg5 h6 16. Bd2 Qb6 17. Nc5 Nf5 18. b4 Qd8 19. Ba4 Rf8 20. Rac1 Qe7 21. Ne4 Rd8 22. g4 Nd6 23. Nxd6 Qxd6 24. Bb3 b6 25. Qg3 Ba6 26. Bc4 Bxc4 27. Rxc4 b5 {Kaspi,A (2365)-Hjartarson,J (2472) Krakow POL 2024 0-1 (70)}) 13... Nxc3 14. bxc3 Bg7 $146 ({RR} 14... b5 15. h4 Ba6 16. Bd3 Qa5 17. Bf4 b4 {½-½ (17) Alvarez Marquez,J (2382)-Krivousas,T (2204) Athens 2001}) 15. h4 Qa5 16. Bg5 Ne7 17. h5 Nf5 18. Bxf5 Qxf5 19. h6 Bf8 20. Qh4 Qd5 21. Nf4 Qa5 22. Nd3 Bd7 23. Ne5 Ba4 24. Rd3 Bc2 25. Rf3 f5 26. Bf6 Qc7 27. Rg3 Bd6 28. Re1 Rf8 29. f4 Bxe5 30. Bxe5 Qf7 31. c4 Be4 32. Ree3 Rac8 33. c5 b6 34. Rc3 Rfe8 35. a4 bxc5 36. dxc5 Qe7 37. Bf6 Qd7 38. Kh2 Kf7 39. Rc4 Bd5 40. Rc1 Be4 41. a5 Rc6 42. Rb3 Rcc8 43. Be5 Qd8 44. Qf2 Re7 45. a6 Rd7 46. Rb2 Qf8 47. Rc3 Qd8 48. c6 Rxc6 49. Rxc6 Bxc6 50. Rb8 Qa5 51. Qh4 1-0

[Event "CCT Final Survival Winner"]
[Site "Toronto CAN"]
[Date "2023.12.12"]
[Round "1.3"]
[White "Abdusattorov, Nodirbek"]
[Black "Caruana, F.."]
[Result "0-1"]
[WhiteElo "2727"]
[BlackElo "2794"]
[PlyCount "92"]
[EventDate "2023.12.12"]
[EventType "k.o."]

1. d4 Nf6 2. c4 e6 3. Nc3 Bb4 4. e3 b6 5. Bd2 Bb7 6. Nge2 O-O ({RR} 6... d5 7. a3 Be7 8. cxd5 Nxd5 9. Nxd5 Bxd5 10. Nf4 Bb7 11. Bb5+ Nd7 12. O-O O-O 13. Rc1 c5 14. Bc3 Nf6 15. dxc5 Bxc5 16. Qe2 Ne4 17. Be1 Qg5 18. Kh1 e5 19. Nh3 Qg6 20. f3 Ng5 21. b4 {Charochkina,D (2323)-Kiseleva,A (1955) Moscow RUS 2025 1-0 (34)}) 7. a3 Be7 8. Nf4 d6 $146 ({RR} 8... d5 9. cxd5 Nxd5 10. Nfxd5 exd5 11. Bd3 c6 12. O-O Ba6 13. Bxa6 Nxa6 14. Qa4 Qc8 15. Rfc1 Qb7 16. Ne2 c5 17. dxc5 Nxc5 18. Qd1 Rac8 19. Rc2 Ne4 20. Rac1 Bf6 21. Bb4 Rxc2 22. Qxc2 Re8 23. b3 {Nakamura,H (2802)-Firouzja,A (2767) Paris FRA 2024 ½-½ (58)}) 9. d5 e5 10. Nh5 Nxh5 11. Qxh5 Nd7 12. Bd3 g6 13. Qe2 c6 14. b4 f5 15. dxc6 Bxc6 16. e4 f4 17. f3 Nf6 18. O-O Bd7 19. Be1 g5 20. Nd5 Kh8 21. Kh1 g4 22. Bc3 g3 23. c5 gxh2 24. Nxf6 Rxf6 25. Rfd1 bxc5 26. bxc5 Rc8 27. cxd6 Rxc3 28. dxe7 Qxe7 29. Qb2 Rc8 30. Bf1 Rb6 31. Qd2 Be6 32. Rac1 Rxc1 33. Rxc1 Qd6 34. Qa5 Qd4 35. Be2 Qb2 36. Rd1 Bg8 37. Rd8 Rg6 38. Rd2 Qb1+ 39. Bd1 Rg5 40. Qxa7 Qc1 41. Qa5 Qc4 42. Be2 Qc1+ 43. Bd1 Qc4 44. Rf2 Qd3 45. Qa4 Qe3 46. Qc2 Qe1+ 0-1

[Event "ChessKid Cup Div 1 W"]
[Site "chess.com INT"]
[Date "2023.05.23"]
[Round "2.2"]
[White "Abdusattorov, Nodirbek"]
[Black "Caruana, F.."]
[Result "1-0"]
[WhiteElo "2731"]
[BlackElo "2764"]
[PlyCount "81"]
[EventDate "2023.05.22"]
[EventType "k.o."]

1. d4 Nf6 2. c4 e6 3. Nf3 d5 4. Nc3 Bb4 5. g3 O-O 6. Bg2 dxc4 7. O-O Nc6 8. Re1 Rb8 9. a3 ({RR} 9. e4 b5 10. Bf4 Be7 11. a3 a6 12. Qd2 e5 13. Nxe5 Nxd4 14. Rad1 c5 15. Nxf7 Rxf7 16. Bxb8 Bg4 17. Bf4 Bxd1 18. Rxd1 Nh5 19. Be3 Nf3+ 20. Bxf3 Qxd2 21. Rxd2 Rxf3 22. Rd7 Kf8 23. e5 Ke8 {Radjabov,T (2747)-Giri,A (2764) chess.com INT 2022 1-0 (57)}) 9... Bd6 ({RR} 9... Be7 10. Qa4 Nxd4 11. Nxd4 Qxd4 12. Be3 Qg4 13. h3 Qh5 14. Qxc4 c6 15. Bxa7 Ra8 16. g4 Qg6 17. Bc5 Bxc5 18. Qxc5 h5 19. gxh5 Nxh5 20. Kh2 Nf4 21. Rg1 Qh6 22. Bf1 e5 23. Rg3 Nh5 24. Rf3 {Tarigan,G (2415)-Bharath,S (2556) Al Ain UAE 2025 ½-½ (71)}) 10. Qa4 e5 11. dxe5 $146 ({RR} 11. d5 Nd4 12. Nxd4 exd4 13. Qxa7 dxc3 14. Qxb8 Be5 15. bxc3 Bxc3 16. Bf4 Nxd5 17. Rad1 Bxe1 18. Bxd5 Be6 19. Qxb7 Ba5 20. Qb5 Bb6 21. Qxc4 h6 22. Qb3 Bxd5 23. Qxd5 Qe7 24. Qf3 Re8 25. Kf1 Qe6 {Kindermann,S (2455)-Suba,M (2490) Dortmund 1981 1-0 (50)}) 11... Nxe5 12. Qxa7 Bg4 13. Nxe5 Bxe5 14. Qc5 Bd4 15. Qxc4 Be6 16. Qd3 Ng4 17. Rf1 b5 18. Bf4 Bc4 19. Qf5 Qc8 20. Qxc8 Rbxc8 21. h3 Nf6 22. Rfc1 Nh5 23. e3 Nxf4 24. gxf4 Bf6 25. Bf1 Rb8 26. Bxc4 bxc4 27. Ra2 Rfd8 28. Ne4 Bxb2 29. Rxc4 f5 30. Ng5 Rd7 31. a4 Bf6 32. Ne6 Rb7 33. a5 Ra7 34. Rc6 Kf7 35. a6 Bd8 36. Rb2 Be7 37. Nd4 Rd6 38. Ra2 g6 39. Nb5 Rxc6 40. Nxa7 Rb6 41. Nc6 1-0

[Event "WR Chess Masters 2023"]
[Site "Dusseldorf GER"]
[Date "2023.02.17"]
[Round "2.2"]
[White "Abdusattorov, Nodirbek"]
[Black "Esipenko, Andrey"]
[Result "1-0"]
[WhiteElo "2734"]
[BlackElo "2675"]
[PlyCount "81"]
[EventDate "2023.02.16"]

1. d4 Nf6 2. c4 e6 3. Nc3 Bb4 4. e3 O-O 5. Bd2 b6 6. Bd3 d5 7. cxd5 exd5 8. Nf3 ({RR} 8. Rc1 c5 9. Nge2 Ba6 10. Bxa6 Nxa6 11. Qa4 Nc7 12. dxc5 bxc5 13. O-O Ne6 14. Rfd1 Re8 15. a3 Bxc3 16. Bxc3 Ne4 17. Qc6 Nxc3 18. bxc3 Qa5 19. Ra1 Nc7 20. Nf4 Rac8 21. Nxd5 Nxd5 22. Qxd5 Qxc3 {Giri,A (2745)-Erigaisi,A (2762) Warsaw POL 2024 ½-½ (56)}) 8... Re8 ({RR} 8... c5 9. Rc1 Bg4 10. a3 Bxc3 11. Bxc3 c4 12. Bb1 Nc6 13. Qc2 Bxf3 14. gxf3 Re8 15. O-O b5 16. Kh1 a5 17. Rg1 b4 18. Bd2 g6 19. Rg2 bxa3 20. bxa3 Rb8 21. Rcg1 Rb3 22. Bc1 Qe7 23. Ba2 {Oskarsson,M (2047)-Sokolov,I (2590) Blonduos ISL 2025 0-1 (40)}) 9. Rc1 Bf8 $146 ({RR} 9... a6 10. Ne5 Bb7 11. O-O Nbd7 12. f4 Nf8 13. Be1 Bd6 14. Bh4 Ng6 15. Bg5 c5 16. Qf3 Be7 17. Bxf6 Bxf6 18. Qh5 Qe7 19. Rf3 cxd4 20. exd4 Qb4 21. Ne2 Bc8 22. Nxf7 Rxe2 23. Bxe2 Qd2 24. Rff1 {Raahul,V (2343)-To,N (2300) Budapest HUN 2024 1-0 (32)}) 10. O-O Bb7 11. Ne5 c5 12. f4 Nc6 13. Ne2 Ne4 14. Ng3 Nxd2 15. Bxh7+ Kxh7 16. Qh5+ Kg8 17. Qxf7+ Kh8 18. Ng6+ Kh7 19. Nh5 Re6 20. f5 Nxf1 21. Rxf1 Qg5 22. Qxe6 Qxh5 23. Rf3 cxd4 24. Qf7 Bd6 25. Nf8+ Rxf8 26. Qxh5+ Kg8 27. f6 Ne5 28. Rf5 g6 29. Qg5 dxe3 30. Rxe5 Kf7 31. Rxe3 Bc5 32. b4 Bxe3+ 33. Qxe3 Re8 34. Qc3 Bc8 35. a4 Bf5 36. h3 Rd8 37. Qd4 Be6 38. g4 Rc8 39. g5 Rc1+ 40. Kf2 Rc2+ 41. Kg3 1-0

[Event "Chessable Play-In Match"]
[Site "chess.com INT"]
[Date "2023.03.13"]
[Round "1.2"]
[White "Abdusattorov, Nodirbek"]
[Black "Fedoseev, Vl3"]
[Result "0-1"]
[WhiteElo "2731"]
[BlackElo "2674"]
[PlyCount "72"]
[EventDate "2023.03.13"]

1. d4 Nf6 2. c4 e6 3. Nc3 Bb4 4. e3 c5 5. a3 Bxc3+ 6. bxc3 d6 ({RR} 6... O-O 7. Bd3 {½-½ (11) Hochstrasser,M (2393)-Landenbergue,C (2458) Leukerbad 2007}) 7. Bd3 O-O 8. Ne2 e5 9. e4 cxd4 ({RR} 9... b6 10. f3 Nc6 11. Be3 Ba6 12. Ng3 Na5 13. Qe2 cxd4 14. cxd4 exd4 15. Bg5 h6 16. Bf4 Rc8 17. Rc1 Rc5 18. O-O Re8 19. Qf2 Qc7 20. Nf5 Nxc4 21. Bxc4 Rxc4 22. Nxd6 Rc5 23. Nxe8 Qxf4 24. Nxf6+ {Gurevich,D (2347)-Chekletsov,I (2338) chess.com INT 2025 1-0 (32)}) 10. cxd4 Nc6 11. O-O exd4 12. Bg5 $146 h6 13. Bh4 g5 14. Bg3 Ng4 15. Bc2 Qf6 16. h3 Nge5 17. f4 Nxc4 18. e5 Qg7 19. f5 Ne3 20. f6 Qh8 21. Qd2 Nxc2 22. Qxc2 dxe5 23. Qc5 Re8 24. Rae1 Re6 25. Rf5 Bd7 26. Ref1 Ree8 27. R5f2 Qh7 28. h4 Bg4 29. Nc1 Qg6 30. hxg5 hxg5 31. Qb5 Rac8 32. Nb3 d3 33. Qxb7 e4 34. Qb5 e3 35. Rf5 Bxf5 36. Rxf5 d2 0-1

[Event "11th Norway Chess 2023"]
[Site "Stavanger NOR"]
[Date "2023.05.30"]
[Round "1.4"]
[White "Abdusattorov, Nodirbek"]
[Black "Giri, A.."]
[Result "1/2-1/2"]
[WhiteElo "2731"]
[BlackElo "2768"]
[PlyCount "96"]
[EventDate "2023.05.30"]

1. d4 Nf6 2. c4 e6 3. Nf3 d5 4. Nc3 Be7 5. Bg5 h6 6. Bh4 dxc4 7. e3 c5 8. Bxc4 cxd4 9. exd4 Nc6 10. O-O O-O 11. Rc1 ({RR} 11. Re1 Nh5 12. Bxe7 Nxe7 13. Qb3 Nf6 14. Rad1 Rb8 15. Ne5 Bd7 16. d5 b5 17. Nxd7 Nxd7 18. dxe6 bxc4 19. Qxc4 Rb7 20. Qe4 {1-0 (20) Korobov,A (2698)-Anand,V (2773) St Petersburg 2018}) ({RR} 11. Bg3 Bd7 12. d5 exd5 13. Nxd5 Nxd5 14. Bxd5 Bf6 15. Qb3 Qb6 16. Rad1 Qxb3 17. Bxb3 Bf5 18. Rd2 Rfd8 19. Rfd1 Rxd2 20. Rxd2 Rd8 21. Rxd8+ Nxd8 22. Ne5 Be6 23. Bxe6 Nxe6 24. b3 Nc5 25. f3 Kf8 {Serikbay,A (2235)-Fataliyeva,U (2387) Baku AZE 2025 ½-½}) ({RR} 11. a3 Nh5 12. Bxe7 Nxe7 13. Qd2 Nf6 14. Ne5 b6 15. Rfe1 Bb7 16. Rad1 Rc8 17. Ba2 Ned5 18. Nxd5 Bxd5 19. Bb1 Qc7 20. Rc1 Qb7 21. f3 Rxc1 22. Rxc1 Rc8 23. Re1 Qc7 24. Qd3 Kf8 25. h4 Bb7 {Gunina,V (2427)-Abdusattorov,N (2627) Chess.com INT 2021 ½-½ (46)}) 11... b6 $146 ({RR} 11... Nh5 12. Bxe7 Nxe7 13. Ne5 Nf6 14. Bb3 Nc6 15. Nxc6 bxc6 16. Na4 Qd6 17. Qf3 Qxd4 18. Rfd1 Qe5 19. Qxc6 Rb8 20. Qc7 Qxc7 21. Rxc7 a6 22. f3 Bb7 23. Nc5 Bd5 24. Ra7 Rb5 25. Nd7 Nxd7 26. Bxd5 {Serikbay,A (2236)-Mammadova,G (2333) New York USA 2024 0-1 (56)}) 12. a3 Bb7 13. Bg3 Bd6 14. Ne5 Rc8 15. Bb5 Bb8 16. Qa4 Ne7 17. Nd7 Nxd7 18. Bxd7 Bxg3 19. Bxc8 Bc6 20. Qc4 Bf4 21. Ba6 Bxc1 22. Rxc1 Qd7 23. h3 Rd8 24. Bb5 Bxb5 25. Qxb5 Nf5 26. Qxd7 Rxd7 27. Nb5 Nxd4 28. Nxd4 Rxd4 29. Rc8+ Kh7 30. Rc7 Kg6 31. Rxa7 Rd1+ 32. Kh2 Rd2 33. Kg3 Rxb2 34. a4 f5 35. a5 bxa5 36. Rxa5 Kf6 37. h4 g5 38. hxg5+ hxg5 39. f3 f4+ 40. Kh3 Rb1 41. Kh2 g4 42. fxg4 e5 43. Ra8 e4 44. Re8 Re1 45. Rf8+ Kg5 46. Rg8+ Kh4 47. g5 f3 48. g6 Kg5 1/2-1/2

[Event "Al Ain U20 op 1st"]
[Site "Al Ain"]
[Date "2018.01.04"]
[Round "8"]
[White "Abdusattorov, Nodirbek"]
[Black "Harutyunian, Tigran K"]
[Result "0-1"]
[WhiteElo "2516"]
[BlackElo "2487"]
[PlyCount "88"]
[EventDate "2017.12.30"]
[EventType "swiss"]
[EventRounds "9"]
[EventCountry "UAE"]
[SourceTitle "CBM 182 Extra"]
[Source "ChessBase"]
[SourceDate "2018.02.23"]
[SourceVersion "1"]
[SourceVersionDate "2018.02.23"]
[SourceQuality "1"]

1. d4 Nf6 2. c4 e6 3. Nc3 Bb4 4. e3 O-O 5. Bd3 d5 6. cxd5 exd5 7. Nge2 c6 8. O-O Re8 9. f3 Na6 ({RR} 9... Nbd7 10. Kh1 Nf8 11. a3 Ba5 12. Bc2 Ng6 13. e4 dxe4 14. fxe4 c5 15. Bg5 cxd4 16. Nd5 Re6 17. Nxd4 Rd6 18. Qf3 Bb6 19. Nb5 Rc6 20. Rad1 Qf8 21. Bxf6 gxf6 22. Nxf6+ Kg7 23. Bb3 Be6 24. Bxe6 {Navara,D (2681)-Donchenko,A (2638) chess.com INT 2024 1-0}) ({RR} 9... a5 10. a3 Bf8 11. e4 c5 12. Bg5 h6 13. Bxf6 Qxf6 14. Nxd5 Qd8 15. Rc1 Nd7 16. Bb5 b6 17. Nef4 Rb8 18. Kh1 Bb7 19. Bxd7 Qxd7 20. dxc5 bxc5 21. Nf6+ {1-0 (21) Navara,D (2679)-Raja,R (2522) chess.com INT 2024}) 10. a3 Ba5 $146 ({RR} 10... Bf8 11. e4 dxe4 12. fxe4 Ng4 13. e5 c5 14. Bc4 cxd4 15. Bxf7+ Kh8 16. Bxe8 Qxe8 17. Nxd4 Bc5 18. Bf4 Be6 19. Ne4 Bb6 20. h3 Rd8 21. Nd6 Qc6 22. hxg4 Qd5 23. N6b5 Qxb5 24. Be3 Qxe5 25. Re1 {Mustafayev,F (2322)-Pavlidou,E (2189) Chess.com INT 2022 1-0 (35)}) ({RR} 10... Bf8 11. e4 dxe4 12. fxe4 Ng4 13. e5 c5 14. Bc4 cxd4 15. Bxf7+ Kh8 16. Bxe8 Qxe8 17. Nxd4 Bc5 18. Bf4 Be6 19. Ne4 Bb6 20. h3 Rd8 21. Nd6 Qc6 22. hxg4 Qd5 23. N6b5 Qxb5 24. Be3 Qxe5 25. Re1 {Mustafayev,F (2322)-Pavlidou,E (2189) Chess.com INT 2022 1-0 (35)}) 11. b4 Bb6 12. Bc2 Nc7 13. Qd3 a5 14. Rb1 axb4 15. axb4 g6 16. e4 dxe4 17. fxe4 Ne6 18. Kh1 Nxd4 19. Bg5 Nxe2 20. Qxe2 Bd4 21. Rbd1 Bg4 22. Qc4 Bxd1 23. Rxd1 Bxc3 24. Rxd8 Rexd8 25. g3 Be5 26. Qc5 Bd4 27. Qc4 Kg7 28. Kg2 b5 29. Qb3 h6 30. Bc1 Ra1 31. Bb1 Be5 32. Be3 Ng4 33. Bc1 Rd6 34. h3 Nf6 35. Kf3 Nh5 36. Kg2 Rf6 37. Qc2 Ra8 38. Qc5 Re8 39. Qe3 g5 40. h4 Nxg3 41. hxg5 hxg5 42. Bc2 Nh5 43. Qc5 Nf4+ 44. Bxf4 Bxf4 0-1

[Event "Olympiad-43"]
[Site "Batumi"]
[Date "2018.10.05"]
[Round "11.2"]
[White "Abdusattorov, Nodirbek"]
[Black "Iordachescu, Viorel"]
[Result "1/2-1/2"]
[WhiteElo "2558"]
[BlackElo "2591"]
[PlyCount "129"]
[EventDate "2018.09.24"]
[EventType "team-swiss"]
[EventRounds "11"]
[EventCountry "GEO"]
[SourceTitle "CBM 187"]
[Source "ChessBase"]
[SourceDate "2018.12.11"]
[SourceVersion "1"]
[SourceVersionDate "2018.12.11"]
[SourceQuality "1"]
[WhiteTeam "Uzbekistan"]
[BlackTeam "Moldova"]
[WhiteTeamCountry "UZB"]
[BlackTeamCountry "MDA"]

1. d4 Nf6 2. c4 e6 3. Nc3 Bb4 4. e3 O-O 5. Bd3 d5 6. cxd5 exd5 7. Nge2 Re8 8. O-O Bd6 9. Ng3 Nbd7 ({RR} 9... a6 10. Qc2 c5 11. dxc5 Bxc5 12. Nce2 Bd6 13. Nd4 Nbd7 14. b3 Ne5 15. Bf5 g6 16. Bd3 Nxd3 17. Qxd3 Ng4 18. Bb2 Ne5 19. Qc3 Bg4 20. f4 Rc8 21. Qd2 Nd7 22. h3 Be6 23. Nxe6 Rxe6 24. Qd4 {Fayard,A (2117)-Leiva,G (2387) chess.com INT 2025 0-1 (31)}) 10. Bd2 c6 11. Rc1 Nf8 12. f3 $146 ({RR} 12. Nf5 Bxf5 13. Bxf5 Ne4 {½-½ (13) Cruz,W (2236)-Aranha Filho,A (2307) Caioba 2019}) 12... Ne6 13. Kh1 a6 14. Be1 Bf8 15. Bf2 c5 16. dxc5 Nxc5 17. Bb1 b6 18. e4 dxe4 19. Ncxe4 Nfxe4 20. Nxe4 Rb8 21. Nxc5 bxc5 22. b3 Qg5 23. Be4 Bb7 24. Bxb7 Rxb7 25. Qd3 Re6 26. Rc2 h5 27. Bg1 Rb4 28. Re2 Rxe2 29. Qxe2 Rb6 30. Rd1 Re6 31. Qc4 g6 32. Bf2 Qf6 33. h3 Rd6 34. Rxd6 Qxd6 35. Qe2 Be7 36. g4 hxg4 37. hxg4 Bf6 38. Kg2 Kg7 39. Bg3 Qc6 40. Bf4 Bd4 41. Bg3 Kf8 42. Bh4 Kg7 43. Bg3 Kf8 44. Bf2 Bxf2 45. Kxf2 Qd6 46. Kg2 g5 47. Qe3 f6 48. Qc3 Ke7 49. Kf2 Qh2+ 50. Ke3 Qf4+ 51. Ke2 Qh2+ 52. Kd3 Qxa2 53. Qxc5+ Ke6 54. Qc6+ Ke7 55. Qd5 Qa3 56. Kc4 Qd6 57. Qb7+ Kd8 58. b4 Ke8 59. Kb3 Qe6+ 60. Kc3 Qd6 61. Kb2 Qd3 62. Ka2 Kd8 63. Kb2 Ke8 64. Ka2 Kd8 65. Kb2 1/2-1/2

[Event "3rd President of UZB 2024"]
[Site "Tashkent UZB"]
[Date "2024.11.24"]
[Round "4.1"]
[White "Abdusattorov, Nodirbek"]
[Black "Karthikeyan, M2."]
[Result "1/2-1/2"]
[WhiteElo "2777"]
[BlackElo "2625"]
[PlyCount "83"]
[EventDate "2024.11.21"]

1. d4 Nf6 2. c4 e6 3. Nc3 Bb4 4. a3 Bxc3+ 5. bxc3 c5 6. e3 Nc6 7. Bd3 b6 8. e4 d6 9. Ne2 e5 ({RR} 9... Na5 10. Bg5 Qc7 11. Bxf6 gxf6 12. Ng3 Bb7 13. Nh5 Qe7 14. O-O Rg8 15. Qf3 Rg6 16. d5 O-O-O 17. e5 fxe5 18. Bxg6 hxg6 19. Qf6 Kd7 20. dxe6+ Qxe6 21. Qxe6+ Kxe6 22. Ng3 Nxc4 23. f4 f5 24. fxe5 {Duda,J (2739)-Aravindh,C (2729) chess.com INT 2025 1-0 (70)}) ({RR} 9... Nd7 10. O-O e5 11. d5 Na5 12. Ng3 g6 13. f4 exf4 14. Bxf4 Qe7 15. e5 dxe5 16. Bh6 Nb7 17. d6 Nxd6 18. Be4 Bb7 19. Bxb7 Nxb7 20. Qd5 O-O-O 21. Rxf7 Qd6 22. Qf3 Qe6 23. Rd1 e4 24. Nxe4 {Tomeo,I (2291)-Asprelli,G (2267) Perez, Santa Fe ARG 2025 1-0}) 10. O-O Qe7 11. f4 $146 ({RR} 11. f3 h6 12. Be3 g5 13. Ng3 Rg8 14. Re1 Na5 15. Bf2 Qc7 16. Qe2 Be6 17. Nf5 Rh8 18. Rab1 Bxf5 19. exf5 O-O-O 20. dxe5 dxe5 21. g4 h5 22. Bg3 Nc6 23. Bc2 Rde8 24. h3 hxg4 25. hxg4 Nd7 {Krush,I (2455)-Carstensen,J (2317) Reykjavik 2010 1-0 (61)}) 11... exd4 12. cxd4 cxd4 13. Ng3 O-O 14. h3 Nd7 15. Nf5 Qd8 16. Nxd6 Nc5 17. e5 f6 18. Qf3 Qc7 19. Be4 Nxe4 20. Qxe4 Be6 21. a4 fxe5 22. Ba3 Rf6 23. fxe5 Rxf1+ 24. Rxf1 Qd7 25. a5 bxa5 26. Rb1 Rb8 27. Rxb8+ Nxb8 28. Qa8 Qd8 29. Qxa7 Nc6 30. Qb7 Ne7 31. Qe4 h6 32. Qxd4 Qd7 33. Kh2 Nc6 34. Qc5 Kh7 35. Bb2 a4 36. Qb5 Ne7 37. Ne4 Qxb5 38. cxb5 Nc8 39. Bd4 a3 40. b6 Bd5 41. Nc3 Nxb6 42. Bxb6 1/2-1/2

[Event "Tashkent zt 3.4"]
[Site "Tashkent"]
[Date "2021.05.08"]
[Round "2"]
[White "Abdusattorov, Nodirbek"]
[Black "Kostenko, Petr"]
[Result "1-0"]
[WhiteElo "2627"]
[BlackElo "2404"]
[PlyCount "235"]
[EventDate "2021.05.07"]
[EventType "swiss"]
[EventRounds "9"]
[EventCountry "UZB"]
[SourceTitle "CBM 202 Extra"]
[Source "ChessBase"]
[SourceDate "2021.07.31"]
[SourceVersion "1"]
[SourceVersionDate "2021.06.30"]
[SourceQuality "1"]

1. d4 Nf6 2. c4 e6 3. Nc3 Bb4 4. g3 c5 5. Nf3 b6 6. Bg2 Bb7 7. O-O cxd4 8. Qxd4 Nc6 9. Qd3 Rc8 10. Rd1 $146 ({RR} 10. b3 O-O 11. Bb2 a6 12. e4 Qc7 13. Rac1 Ng4 14. Qe2 f5 15. exf5 Rxf5 16. Nd5 exd5 17. cxd5 Rxd5 18. Qc4 Qd6 19. Qxg4 Qg6 20. Qxg6 hxg6 21. Ne5 Ra5 22. Nxd7 Rxa2 23. Nxb6 Rd8 24. Ba1 Nd4 {Schmidt,W-Ornstein,A (2440) Nis 1977 1-0 (33)}) ({RR} 10. b3 O-O 11. Bb2 d5 12. cxd5 Bxc3 13. Qxc3 Ne7 14. Qe5 Bxd5 15. Rfd1 Ng6 16. Qd4 Qe7 17. Rac1 Qb7 18. Qd2 Rxc1 19. Rxc1 Rc8 20. Rxc8+ Qxc8 21. Bxf6 gxf6 22. Ne1 Bxg2 {½-½ (22) Gustafsson,J (2606)-Kamsky,G (2724) Kemer 2007}) ({RR} 10. a3 Bxc3 11. Qxc3 Na5 12. b3 O-O 13. Bg5 Ne4 14. Qe3 Nxg5 15. Nxg5 Bxg2 16. Kxg2 Nxb3 17. Nxf7 Rxf7 18. Qxb3 Qc7 19. Rac1 Qc5 20. Qd3 Qc6+ 21. e4 Rf5 22. f3 Rc5 23. Rfd1 Rc7 24. h4 Qa4 {Dias,M (1852)-Haman,M (1884) Sao Paulo 2019 1-0 (40)}) 10... Na5 11. b3 d5 12. a3 Be7 13. Qb1 O-O 14. e4 Nxc4 15. bxc4 Rxc4 16. Bb2 d4 17. e5 dxc3 18. Rxd8 Rxd8 19. Bxc3 Rxc3 20. exf6 gxf6 21. Nh4 Bxg2 22. Kxg2 Bxa3 23. Qe4 a5 24. Nf3 Bc5 25. Ra4 Bb4 26. Rxb4 axb4 27. Qxb4 Rc5 28. Qxb6 Rcd5 29. g4 Kg7 30. h4 h6 31. Qb2 Ra8 32. Nd2 Ra4 33. f3 Rda5 34. Kg3 Ra2 35. Qb6 Ra6 36. Qe3 R6a3 37. Qd4 Ra4 38. Qd6 Ra6 39. Qf4 e5 40. Qc4 R6a4 41. Qc6 Ra6 42. Qc3 R6a3 43. Qc1 Ra1 44. Qc5 Ra5 45. Qb6 Ra6 46. Qd8 Rd1 47. Qd5 Raa1 48. Kf2 Rac1 49. Ke2 Rh1 50. Qb3 Rce1+ 51. Kd3 Rxh4 52. Ne4 Rh3 53. Qb7 Rxf3+ 54. Kd2 Rxe4 55. Qxe4 Rf4 56. Qg2 Kg6 57. Qh3 Kg7 58. Ke2 Kg6 59. Qd3+ Kg7 60. Qd7 h5 61. gxh5 Rh4 62. Qf5 Rf4 63. Qh3 Kh6 64. Ke1 f5 65. Qb3 Re4+ 66. Kf2 Rf4+ 67. Ke3 Re4+ 68. Kd3 Rd4+ 69. Kc2 Kxh5 70. Qxf7+ Kg5 71. Kc3 Kf4 72. Qh5 Ke4 73. Qe2+ Kd5 74. Qf3+ Ke6 75. Qc6+ Rd6 76. Qe8+ Kf6 77. Qf8+ Ke6 78. Qg7 e4 79. Kc4 Rd3 80. Qh8 Rf3 81. Qe8+ Kf6 82. Qc6+ Ke5 83. Qd5+ Kf4 84. Qd6+ Ke3 85. Qh2 Rf2 86. Qg3+ Rf3 87. Qe1+ Kf4 88. Kd5 Kg4 89. Ke5 Kh3 90. Qh1+ Kg3 91. Qg1+ Kh3 92. Kd5 e3 93. Kd4 f4 94. Ke5 e2 95. Qe1 Kg2 96. Qxe2+ Rf2 97. Qg4+ Kf1 98. Ke4 Ke1 99. Qg1+ Ke2 100. Qc1 f3 101. Qg1 Rg2 102. Qe3+ Kf1 103. Qxf3+ Kg1 104. Ke3 Kh2 105. Qh5+ Kg1 106. Qh4 Rg8 107. Kf3 Rf8+ 108. Kg3 Rg8+ 109. Kh3 Re8 110. Qf4 Rh8+ 111. Kg3 Rg8+ 112. Kf3 Rg2 113. Qh4 Rg8 114. Qe1+ Kh2 115. Qd2+ Kh1 116. Qc1+ Kh2 117. Qc2+ Kg1 118. Qb1+ 1-0

[Event "39th ECC Open 2024"]
[Site "Vrnjacka Banja SRB"]
[Date "2024.10.23"]
[Round "4.1"]
[White "Abdusattorov, Nodirbek"]
[Black "Maghsoodloo, Parham"]
[Result "1-0"]
[WhiteElo "2783"]
[BlackElo "2719"]
[PlyCount "105"]
[EventDate "2024.10.20"]
[EventType "team"]
[WhiteTeam "SuperChess"]
[BlackTeam "Turkish Airlines"]

1. d4 Nf6 2. c4 e6 3. Nc3 Bb4 4. e3 O-O 5. Bd2 b6 6. Bd3 Bb7 7. Nh3 c5 8. d5 exd5 9. cxd5 d6 $146 ({RR} 9... Ba6 10. Qe2 Bxd3 11. Qxd3 d6 12. a3 Bxc3 13. Bxc3 Nbd7 14. O-O Re8 15. f3 Ne5 16. Bxe5 Rxe5 17. e4 Re8 18. Nf2 Nd7 19. Nd1 a6 20. Ne3 b5 21. Qd2 c4 22. Nf5 g6 23. Ne3 Qb6 24. Kh1 {Klimkowski,J (2508)-Munkhdalai,A (2385) London ENG 2025 1-0 (70)}) 10. Nf4 Nbd7 11. O-O Ne5 12. Be2 a6 13. a3 Ba5 14. Rb1 b5 15. b4 cxb4 16. axb4 Bb6 17. Bc1 Rc8 18. Bb2 Re8 19. Kh1 Qd7 20. Ba1 Qf5 21. Rb3 h6 22. Nh5 Nxh5 23. Bxh5 Qd3 24. Qe1 Qc2 25. Bd1 Qg6 26. Be2 Rc4 27. Bxc4 bxc4 28. Rb1 Nd3 29. Qd1 Re5 30. Qa4 Bxd5 31. f3 Bxe3 32. Rbd1 Bb7 33. Qd7 Nf4 34. g3 Qxg3 35. Qd8+ Kh7 36. hxg3 Rh5+ 37. Qh4 Rxh4+ 38. gxh4 d5 39. Rde1 d4 40. Nd1 Bd2 41. Bxd4 Bxe1 42. Rxe1 Bxf3+ 43. Kh2 g5 44. Ne3 Ne2 45. Be5 c3 46. Ra1 Be4 47. Rxa6 f5 48. Ra2 Bd3 49. h5 Kg8 50. Nd5 c2 51. Ra7 f4 52. Nf6+ Kh8 53. Rf7 1-0